|
|
|
|
| LEADER |
00000nab a2200000 a 4500 |
| 001 |
vtls010282915 |
| 003 |
SK-MaSNL |
| 005 |
20260319070746.0 |
| 008 |
110601|2011 xo m| | |00 0|hun |
| 015 |
|
|
|a SNBRB2011/06
|2 kevkjb
|
| 038 |
|
|
|a KEVKJB
|
| 040 |
|
|
|a KEVKJB
|b slo
|c KEVKJB
|e AACR2
|
| 041 |
0 |
|
|a hun
|
| 044 |
|
|
|a xo
|c SK
|
| 080 |
|
|
|a 792.7(=511.141)(437.612)
|2 2001
|
| 100 |
1 |
|
|a Mézes, Csilla
|4 aut
|9 1085532
|
| 245 |
1 |
0 |
|a Felejthetetlen Ludas Matyi
|c Mézes Csilla
|
| 300 |
|
|
|b Fotogr.
|
| 611 |
2 |
7 |
|a Oblastný festival estrádnych súborov
|d (2011 :
|c Veľké Úľany, Slovensko)
|2 kevkjb
|9 1085533
|
| 650 |
0 |
7 |
|a estrádne súbory
|2 kevkjb
|9 1085534
|
| 651 |
|
7 |
|a Veľké Úľany (Slovensko)
|2 kevkjb
|9 31475
|
| 773 |
0 |
|
|t Kassai Figyelő
|g Évf. IX, sz. 4 (2011), o. 9
|
| 852 |
|
|
|a KEVKJB
|b KIS3GCP
|
| 958 |
|
|
|a HU
|
| 999 |
|
|
|c 1785821
|d 1787751
|